<?xml version="1.0" encoding="UTF-8"?>
<record
    xmlns:xsi="http://www.w3.org/2001/XMLSchema-instance"
    xsi:schemaLocation="http://www.loc.gov/MARC21/slim http://www.loc.gov/standards/marcxml/schema/MARC21slim.xsd"
    xmlns="http://www.loc.gov/MARC21/slim">

  <leader>00360nam a2200145Ia 4500</leader>
  <controlfield tag="008">220530s9999    xx            000 0 und d</controlfield>
  <datafield tag="020" ind1=" " ind2=" ">
    <subfield code="a">8180613682</subfield>
  </datafield>
  <datafield tag="040" ind1=" " ind2=" ">
    <subfield code="a">eng</subfield>
  </datafield>
  <datafield tag="100" ind1=" " ind2=" ">
    <subfield code="a">HARSH MOHAN</subfield>
    <subfield code="9">61459</subfield>
  </datafield>
  <datafield tag="245" ind1=" " ind2=" ">
    <subfield code="a">TEXTBOOK OF PATHOLOGY</subfield>
  </datafield>
  <datafield tag="250" ind1=" " ind2=" ">
    <subfield code="a">SEVENTH</subfield>
  </datafield>
  <datafield tag="260" ind1=" " ind2=" ">
    <subfield code="a">NAGPUR</subfield>
    <subfield code="b">JAYPEE PUBLICATION,NAGPUR</subfield>
    <subfield code="c">2015</subfield>
  </datafield>
  <datafield tag="300" ind1=" " ind2=" ">
    <subfield code="a">1900</subfield>
  </datafield>
  <datafield tag="650" ind1=" " ind2=" ">
    <subfield code="a">PATHOLOGY</subfield>
    <subfield code="9">61460</subfield>
  </datafield>
  <datafield tag="999" ind1=" " ind2=" ">
    <subfield code="c">2604</subfield>
    <subfield code="d">2604</subfield>
  </datafield>
  <datafield tag="952" ind1=" " ind2=" ">
    <subfield code="0">0</subfield>
    <subfield code="1">0</subfield>
    <subfield code="4">0</subfield>
    <subfield code="7">0</subfield>
    <subfield code="a">SNCN</subfield>
    <subfield code="b">SNCN</subfield>
    <subfield code="d">2018-07-05</subfield>
    <subfield code="e">TEXTBOOK PURCHASE BOOK SOURCE INVOICE NO.45</subfield>
    <subfield code="g">1365.00</subfield>
    <subfield code="l">2</subfield>
    <subfield code="p">SNCN-BK-2119</subfield>
    <subfield code="r">2025-09-30 15:54:26</subfield>
    <subfield code="s">2025-09-30</subfield>
    <subfield code="w">2022-05-31</subfield>
    <subfield code="y">BK</subfield>
    <subfield code="z">2119</subfield>
  </datafield>
  <datafield tag="952" ind1=" " ind2=" ">
    <subfield code="0">0</subfield>
    <subfield code="1">0</subfield>
    <subfield code="4">0</subfield>
    <subfield code="7">0</subfield>
    <subfield code="a">SNCN</subfield>
    <subfield code="b">SNCN</subfield>
    <subfield code="d">2018-07-05</subfield>
    <subfield code="e">TEXTBOOK PURCHASE BOOK SOURCE INVOICE NO.45</subfield>
    <subfield code="g">1365.00</subfield>
    <subfield code="l">0</subfield>
    <subfield code="p">SNCN-BK-2120</subfield>
    <subfield code="r">2023-05-05 00:00:00</subfield>
    <subfield code="w">2022-05-31</subfield>
    <subfield code="y">BK</subfield>
    <subfield code="z">2120</subfield>
  </datafield>
  <datafield tag="952" ind1=" " ind2=" ">
    <subfield code="0">0</subfield>
    <subfield code="1">0</subfield>
    <subfield code="4">0</subfield>
    <subfield code="7">0</subfield>
    <subfield code="a">SNCN</subfield>
    <subfield code="b">SNCN</subfield>
    <subfield code="d">2018-03-12</subfield>
    <subfield code="e">REFERENE BOOK PURCHASE VBOOK SOURCE INVOICE NO.395</subfield>
    <subfield code="g">1537.00</subfield>
    <subfield code="l">0</subfield>
    <subfield code="p">SNCN-BK-2188</subfield>
    <subfield code="r">2023-05-05 00:00:00</subfield>
    <subfield code="w">2022-05-31</subfield>
    <subfield code="y">BK</subfield>
    <subfield code="z">2188</subfield>
  </datafield>
  <datafield tag="952" ind1=" " ind2=" ">
    <subfield code="0">0</subfield>
    <subfield code="1">0</subfield>
    <subfield code="4">0</subfield>
    <subfield code="7">0</subfield>
    <subfield code="a">SNCN</subfield>
    <subfield code="b">SNCN</subfield>
    <subfield code="d">2018-12-10</subfield>
    <subfield code="e">TEXTBOOK DONATED JAYPEE BROTHERS</subfield>
    <subfield code="g">100.00</subfield>
    <subfield code="l">3</subfield>
    <subfield code="p">SNCN-BK-2251</subfield>
    <subfield code="r">2024-10-24 00:00:00</subfield>
    <subfield code="s">2024-10-16</subfield>
    <subfield code="w">2022-05-31</subfield>
    <subfield code="y">DB</subfield>
    <subfield code="z">2251</subfield>
  </datafield>
</record>
